Statistiques concernant 15 inventeurs

Cliquez ici pour prendre le quiz!

Statistiques générales

  • Ce quiz a été pris 1 765 fois
  • Le résultat moyen est 8 sur 15

Statistiques - réponses

Qui inventa ...?Réponses% Correct
Le vaccin (1822)Louis Pasteur
88%
Le cinéma (1862)Louis Lumière
84%
L'imprimerie (1400)Johannes Gutenberg
78%
Le téléphone (1847)Alexander Graham Bell
73%
L'ampoule électrique (1847)Thomas Alva Edison
70%
Le phonographe (1877)Thomas Alva Edison
70%
La montgolfière (1740)Alfred Montgolfier
62%
Le revolver (1814)Samuel Colt
62%
Le paratonnerre (1706)Benjamin Franklin
53%
La dynamite (1833)Alfred Nobel
52%
La pile électrique (1745)Alessandro Volta
50%
Le télégraphe électrique (1791)Samuel Morse
24%
La conserve (1795)Nicolas Appert
12%
Le chemin de fer moderne (1825)George Stephenson
6%
Le réfrigérateur (1851)James Harrison
3%

Distribution des résultats

Percentile par nombre de réponses

% des personnes avec chaque résultat

Votre développement - résultats

Vous n’avez pas pris ce quiz